Russian Federation : a trading partner for developing countries.
| Format: | Book |
|---|---|
| Published: |
Geneva:
International Trade Centre,
1993.
|
| Subjects: |
| LEADER | 00541cam a2200169 7i4500 | ||
|---|---|---|---|
| 001 | 0000003398 | ||
| 005 | 19991025090000.0 | ||
| 002 | ##000004765 | ||
| 020 | 0 | 0 | |a T000004307 |
| 090 | 0 | 0 | |a RUSS 330.9 |b RUS |
| 245 | 1 | 0 | |a Russian Federation : |b a trading partner for developing countries. |
| 260 | 0 | 0 | |a Geneva: |b International Trade Centre, |c 1993. |
| 300 | 0 | 0 | |a 128 p.. |
| 650 | 0 | 0 | |a Economic conditions |
| 651 | 0 | 0 | |a Russia |
| 999 | |a 0000004134 |b Book |c Open shelf |e Business Information Centre | ||
| 999 | |a 0000004131 |b Book |c Open shelf |e Business Information Centre | ||